000 00825nam a2200241Ia 4500
003 OSt
005 20220923222259.0
006 a|||||r|||| 00| 0
007 ta
008 220922b |||||||| |||| 00| 0 hin d
024 _a204,218
037 _cTextual
040 _aARTS
_cARTS
_bhin
041 _2hin
_ahin
082 _aO155:3NO6:1, 152K9
100 _aबेडेकर, विश्राम; मोहोलकर, माधव, अनु.
_9166564
245 0 _aरणांगण
246 _aRaṇāangaṇa
260 _c1969
490 _aज्ञानपीठ लोकोदय ग्रंथमाला; 284
942 _hO155:3NO6:1, 152K9
_cTEXL
_2CC
999 _c354967
_d354967